| 000 | 01047nam a22002177a 4500 | ||
|---|---|---|---|
| 005 | 20240814174142.0 | ||
| 008 | s2522 th thaeng | ||
| 041 | _athaeng | ||
| 245 | 1 | 0 | _aรวมกฎหมายแรงงาน / วารสารแรงงานสัมพันธ์ [2522] |
| 260 | 3 |
_aกรุงเทพฯ : _bกรมแรงงาน กระทรวงมหาดไทย, _c2522 |
|
| 300 |
_a304 หน้า : _b ตาราง ; _c 26 ซม. |
||
| 650 | 0 | 4 | _aการทำงานของคนต่างด้าว (พ.ร.บ.) -- 2521 |
| 650 | 0 | 4 | _aจัดหางานและคุ้มครองคนหางาน (พ.ร.บ.) -- 2511 |
| 650 | 0 | 4 | _aสงเคราะห์อาชีพแก่คนไทย (พ.ร.บ.) -- 2499 |
| 650 | 0 | 4 | _aแรงงานสัมพันธ์ (พ.ร.บ.) -- 2518 |
| 850 | _aNALT | ||
| 942 | _cLB | ||
| 997 | _c000000000017660 | ||
| 998 |
_aAREERAT VICHACHANG _j25 _k นีลวัสน์ อินทรักษา |
||
| 999 |
_c17660 _d17660 |
||
| 090 | _aKM12 ร914ร 2522 | ||